| 000 | 00666nam a2200205 a 4500 | ||
|---|---|---|---|
| 005 | 20140310183611.0 | ||
| 008 | 120825s19uu xx 00 eng d | ||
| 020 | _a9780071782401 | ||
| 050 |
_aHF 5415.157 _b.Ad33 2012 |
||
| 100 | _aAdams, James L. | ||
| 245 |
_aGood products bad products : _bessentials elements to achieving superior quality / _cJames L. Adams |
||
| 260 |
_aNew York : _bMcGraw Hill, _c2012. |
||
| 300 |
_axiv, 255 p. : _c24 cm. |
||
| 500 | _aIncludes bibliographical references and index. | ||
| 521 | _aBSBA | ||
| 650 | _aQuality products | ||
| 650 |
_aManufacturing industries _xQuality control |
||
| 942 |
_cBK _2lcc _kFOR |
||
| 999 |
_c25237 _d25237 |
||